Výberové zisťovanie výsledkov hospodárenia v Sieti testovacích podnikov MP SR za rok 1999

Bibliographic Details
Main Author: Haspra, Rudolf, 1941- (Author)
Corporate Author: Výskumný ústav ekonomiky poľnohospodárstva a potravinárstva (Bratislava, Slovensko) (vyd)
Format: Book
Language:Slovak
PhysicalDescription:220 s. tab. 21x15 cm
Published: Bratislava Výskumný ústav ekonomiky poľnohospodárstva a potravinárstva 2000
ISBN:8080581754
Subjects:

MARC

LEADER 00000nam a2200000 a 4500
001 vtls001409443
003 SK-MaSNL
005 20260426014356.0
008 240314s2000 xo ap r y 0 slo
015 |a SNBE2001/03-01574 
020 |a 8080581754 
035 |a SNK000364131 
040 |a SNK  |b slo  |c SNK  |e AACR2 
041 0 |a slo 
044 |a xo  |c SK 
080 |a 63:311.312(437.6)(083.9)"1999"  |2 1981 
080 |a 311.312  |2 1981 
100 1 |a Haspra, Rudolf,  |d 1941-  |4 aut  |9 253435 
245 1 0 |a Výberové zisťovanie výsledkov hospodárenia v Sieti testovacích podnikov MP SR za rok 1999  |c autori: Rudolf Haspra a kolektív 
260 |a Bratislava  |b Výskumný ústav ekonomiky poľnohospodárstva a potravinárstva  |c 2000 
300 |a 220 s.  |b tab.  |c 21x15 cm 
500 |a 700 výt. 
521 |a Pre MP SR, SPPK, podnikom a SHR zaradeným do Siete testovaích podnikov MP SR 
610 1 7 |a Slovensko.  |b Ministerstvo pôdohospodárstva  |2 SNK  |9 115174 
648 7 |a 1999  |2 SNK  |9 266597 
650 0 7 |a poľnohospodárstvo  |2 SNK  |9 679 
650 0 7 |a testovacie podniky  |2 SNK  |9 687402 
651 7 |a Slovensko  |2 SNK  |9 14231 
655 7 |a informačné publikácie  |2 SNK  |9 70181 
710 2 |a Výskumný ústav ekonomiky poľnohospodárstva a potravinárstva (Bratislava, Slovensko)  |4 vyd  |9 32788 
919 |a 80-8058-175-4 
958 |a TL 
999 |c 1155210  |d 1157140 
952 |t P60, <04>, [BOOK], {604}  |a SNK  |b SNK  |y VYP  |7 0  |p 17A0293599  |o snkOSC 19656/1999 D1  |i snkKSP 3917/2001  |0 0  |1 0  |4 0  |d 2001-03-15  |l 0  |r 2005-01-02 00:00:00  |w 2026-02-24 
952 |t P60, <03>, [BOOK], {603}  |a SNK  |b SNK  |y PREZ  |7 0  |p 17A0293600  |o snkOSC 19656/1999  |i snkKSP 3916/2001  |0 0  |1 0  |4 0  |d 2001-03-15  |l 0  |r 2005-01-02 00:00:00  |w 2026-02-24 
952 |t P60, <09>, [BOOK], {629}  |a SNK  |b SNK  |y NEVYP  |7 0  |o snkC 266  |i snk459/20010420  |0 0  |1 0  |4 0  |d 2001-04-19  |l 0  |r 2005-01-02 00:00:00  |w 2026-02-24